| 000 | 01190 a2200217 4500 | ||
|---|---|---|---|
| 001 | 58589 | ||
| 005 | 20260407155842.0 | ||
| 008 | 260407a1969 arg spa d | ||
| 003 | AR-UNSa-BCEJYS | ||
| 040 |
_aAR-UNSa-BCEJYS _bspa _cAR-UNSa-BCEJYS |
||
| 080 |
_a347.2 _xDerechos reales. Cosas. Bienes muebles |
||
| 245 | 1 | 0 | _aLecciones de derechos reales |
| 264 | 1 |
_aCórdoba : _bEdiciones Lerner _c1969 |
|
| 300 |
_a354 p. _c25 cm. |
||
| 505 | _a1. Introducción al estudio de los derechos reales – 2. La posesión, sus elementos, objeto y clases – 3. Adquisición de la posesión – 4. Efectos de la posesión. Conservación y pérdida de la posesión. La simple tenencia – 5. La protección posesoria – 6. Las acciones posesorias – 7. Dominio. Función social de la propiedad – 8. Restricciones y límites al dominio. Modos de adquirir dominio – 9. Modos de adquirir el dominio (continuación) – 10. Efectos de la posesión: cosas muebles – 11. Prescripción adquisitiva o usucapión – 12. Condominio. Indivisión forzosa | ||
| 041 | _aspa | ||
| 942 | _cBK | ||
| 590 | _aniveau_biblio:m niveau_hierar:0 | ||
| 100 | 1 | _aValdes, Horacio | |
| 700 | 1 | _aOrchansky, Benito | |
| 999 |
_c6458 _d6458 |
||